000 00380nam a2200157Ia 4500
003 GCL
008 140319s9999 xx 000 0 eng d
040 _aGCL /
_cGCL
082 0 4 _a301
_bS S
100 1 _aSMELSER, NEIL
245 1 0 _aSOCIOLOGY /
_cSMELSER, NEIL
260 _a[S.N] :
_bBLACKWELL PUBLISHERS ،
_c1994
300 _a388 P
650 0 4 _aSOCIOLOGY
942 _2ddc
_cBK
999 _c24168
_d24168